00931 2200289 4500001002100000005001700021008004100038020001800079035002400097082001300121090002000134100003000154245017000184250001000354260006100364300003000425500003100455650001100486700002000497700002100517700002800538700002500566850001600591980001300607985000600620999001500626YOGYA-0209000001731220090227022738.0 ind  a979-496-280-5 0010-020900000017312 a616.8552 a616.8552bDha A aDHARMAPERWIRA-PRINS, Reni aAfasiabdeskripsi, pemeriksaan, penanganancReni Dharmaperwira-Prins, Willemijn Maas ; alih bahasa, Soeharto Heerdjan, Ny. SMN. Astoeti Herdjan, Yita Dharma-Hillyard aEd. 2 aJakartabFakultas Kedokteran Universitas Indonesiac2002 axix, 296 hlmbilusc24 cm aBibliografi : hlm. 293-296 aAfasia aMaas, Willemijn aHeerjan, Suharto aHeerjan, SMN Astuti, Ny aDharma-Hiiyard, Yita aYOPDYOG (B) a23-01-06 a1 a03P0000005